Los confines de la cristiandad : una biografía de Eusebio Francisco Kino, S.J. : misionero y explorador de Baja California y la Pimería Alta /

Guardado en:
Detalles Bibliográficos
Autor principal: Bolton, Herbert Eugene (autor)
Otros autores: Gómez Padilla, Gabriel (prólogo, investigación y apéndice) (prólogo, investigación y apéndice), Anaya Dávila Garibi, Graciela (edición e índice) (edición e índice), Garrido, Leonor (edición) (edición), Garrido, Felipe (traducción) (traducción)
Formato: Desconocido
Idioma:Español
Publicado: México : México Desconocido, 2001, c2001
Etiquetas: Agrega una etiqueta
Sin etiquetas, Sé el primero en etiquetar este registro!

MARC

LEADER 00000c**#a2200000ua#4500
001 000615058
005 20251015000000.0
009 20260310133654.266
020 |a 968-6520-57-0 
025 |a Donación Juan Lafarga Corona, 1 ejemplar 
037 |a Acervo Xavier Clavigero 
041 |a ESP 
091 |a FLC. 00636 
100 |a Bolton, Herbert Eugene  |e (autor) 
240 1 5 |a [Los confines de la cristiandad] 
245 1 4 |a Los confines de la cristiandad :  |b una biografía de Eusebio Francisco Kino, S.J. : misionero y explorador de Baja California y la Pimería Alta / 
246 2 |a Título en la cubierta: Los confines de la cristiandad 
264 4 |a México :  |b México Desconocido,  |c 2001, c2001 
300 |a 781 p. 
336 |a texto  |b txt  |2 rdacontenido 
337 |a sin mediación  |b n  |2 rdamedio 
338 |a volumen  |b nc  |2 rdasoporte 
500 |a Traducción de: Rim of Christendom: A Biography of Eusebio Francisco Kino, Pacific Coast Pioneer 
561 |a Ex libris de la Biblioteca Dr. Juan Lafarga Corona 
561 |a Ex libris del INIDH Instituto Nacional de Investigación en Desarrollo Humano 
561 |a Dedicatoria con la leyenda: Para Juan -que me ha acompañado en tantos caminos- con mucha gratitud y afecto. Firma: Gabriel Gómez Padilla 
586 |a Premio Nacional de Ciencias y Artes, categoría Lingüística y Literatura (66°: 2015), ex aequo: Traducciones 
649 |a XX 
700 |a Gómez Padilla, Gabriel  |e (prólogo, investigación y apéndice) 
700 |a Anaya Dávila Garibi, Graciela  |e (edición e índice) 
700 |a Garrido, Leonor  |e (edición) 
700 |a Garrido, Felipe  |e (traducción) 
910 |a Fondo Juan Lafarga Corona S.J. 
920 |a Impresos - Libros 
930 |a Fondos Especiales 
940 |a Jesuitas 
905 |a 145 
901 |a 615070-10  |b IT2  |c ESL  |i D  |u 20250522 
902 |a https://opac.biblio.iteso.mx/vufind/Record/000615058